Reversed Country Names/Capital Cities in Alphabetical order - Statistics

General Stats
  • This quiz has been taken 69 times
  • The average score is 16 of 40
Answer Stats
ANSWER % Correct
abuC
65%
adanaC
63%
yawroN
58%
ynamreG
58%
ylatI
56%
ytiC nacitaV
56%
ytiC nacitaV
56%
yekruT
54%
yaugaraP
52%
abuJ
50%
yaugurU
50%
adubraB dna augitnA
46%
yragnuH
46%
aciR atsoC
44%
acirfA htuoS
42%
adanerG
42%
utaunaV
42%
ytiC ocixeM
42%
aciamaJ
40%
agiR
40%
ahoD
40%
ytiC alametauG
40%
ytiC amanaP
40%
ytiC tiawuK
40%
ababA siddA
38%
acinimoD
38%
adnawR
35%
uruaN
35%
zudaV
35%
wocsoM
31%
a'anaS
27%
adnagU
27%
acirogdoP
25%
ybseroM troP
25%
yrkanoC
25%
adnauL
23%
aiarP
19%
yemaiN
19%
aifoS
15%
afola'ukuN
4%
No matching quizzes found
Score Distribution
Percent of People with Each Score
Percentile by Number Answered
Your Score History
You have not taken this quiz